000 00394nam a2200145Ia 4500
008 211109s9999||||xx |||||||||||||| ||und||
082 _a230
_bJOS-S
100 _aJoseph, V
245 0 _aSearchlight
260 _bUnknown Publisher
_aNo Place
_c2000
300 _a321p.
630 _xGeneral Stack
650 _aReligion
_vChristianityMotivation,Inspirationals
_xChristian Theology
942 _cBOOK
999 _c1424
_d1424